<?xml version="1.0" encoding="UTF-8"?>
<record
    xmlns:xsi="http://www.w3.org/2001/XMLSchema-instance"
    xsi:schemaLocation="http://www.loc.gov/MARC21/slim http://www.loc.gov/standards/marcxml/schema/MARC21slim.xsd"
    xmlns="http://www.loc.gov/MARC21/slim">

  <leader>00358nam a2200145Ia 4500</leader>
  <controlfield tag="008">150301s2001    xx            000 0 und d</controlfield>
  <datafield tag="082" ind1=" " ind2=" ">
    <subfield code="a">616.994</subfield>
    <subfield code="b">001Y</subfield>
  </datafield>
  <datafield tag="100" ind1=" " ind2=" ">
    <subfield code="a">YARBRO, CANNIE HENKE</subfield>
  </datafield>
  <datafield tag="245" ind1=" " ind2=" ">
    <subfield code="a">ONCOLOGY NURSING REVIEW</subfield>
  </datafield>
  <datafield tag="250" ind1=" " ind2=" ">
    <subfield code="a">2ND</subfield>
  </datafield>
  <datafield tag="260" ind1=" " ind2=" ">
    <subfield code="b">JONES &amp; BARTEETT.INDIA</subfield>
    <subfield code="c">2001</subfield>
  </datafield>
  <datafield tag="300" ind1=" " ind2=" ">
    <subfield code="a">271</subfield>
  </datafield>
  <datafield tag="650" ind1=" " ind2=" ">
    <subfield code="a">ONCOLOGY NURSING</subfield>
  </datafield>
  <datafield tag="942" ind1=" " ind2=" ">
    <subfield code="2">ddc</subfield>
    <subfield code="c">BK</subfield>
    <subfield code="0">1</subfield>
  </datafield>
  <datafield tag="952" ind1=" " ind2=" ">
    <subfield code="0">0</subfield>
    <subfield code="1">0</subfield>
    <subfield code="2">ddc</subfield>
    <subfield code="4">0</subfield>
    <subfield code="7">0</subfield>
    <subfield code="8">NURSING</subfield>
    <subfield code="a">FM</subfield>
    <subfield code="b">FM</subfield>
    <subfield code="c">TXT</subfield>
    <subfield code="d">2015-07-02</subfield>
    <subfield code="e">ABC DELHI</subfield>
    <subfield code="g">495.00</subfield>
    <subfield code="i">SGTU</subfield>
    <subfield code="l">0</subfield>
    <subfield code="o">616.994 001Y</subfield>
    <subfield code="p">FN2901</subfield>
    <subfield code="r">2015-07-02 00:00:00</subfield>
    <subfield code="w">2015-03-25</subfield>
    <subfield code="y">BK</subfield>
    <subfield code="k">5533</subfield>
  </datafield>
  <datafield tag="952" ind1=" " ind2=" ">
    <subfield code="0">0</subfield>
    <subfield code="1">0</subfield>
    <subfield code="2">ddc</subfield>
    <subfield code="4">0</subfield>
    <subfield code="7">0</subfield>
    <subfield code="8">NURSING</subfield>
    <subfield code="a">FM</subfield>
    <subfield code="b">FM</subfield>
    <subfield code="c">TXT</subfield>
    <subfield code="d">2015-07-02</subfield>
    <subfield code="e">ABC DELHI</subfield>
    <subfield code="g">495.00</subfield>
    <subfield code="i">SGTU</subfield>
    <subfield code="l">1</subfield>
    <subfield code="o">616.994 001Y</subfield>
    <subfield code="p">FN2902</subfield>
    <subfield code="r">2023-04-26 00:00:00</subfield>
    <subfield code="s">2023-04-24</subfield>
    <subfield code="w">2015-03-25</subfield>
    <subfield code="y">BK</subfield>
    <subfield code="k">5533</subfield>
  </datafield>
  <datafield tag="999" ind1=" " ind2=" ">
    <subfield code="c">6848</subfield>
    <subfield code="d">6848</subfield>
  </datafield>
</record>
